Tratado de álgebra superior conforme á los programas oficiales de enseñanza / (Record no. 152735)

MARC details
000 -LEADER
campo de control de longitud fija 00847nam a22002175i 4500
001 - NÚMERO DE CONTROL
campo de control 152735
003 - IDENTIFICADOR DE NÚMERO DE CONTROL
campo de control ES-MaACL
005 - FECHA Y HORA DE LA ÚLTIMA TRANSACCIÓN
campo de control 20250724074558.0
008 - DATOS DE LONGITUD FIJA--INFORMACIÓN GENERAL
campo de control de longitud fija 051018s1874 sp | |||||||| ||spa d
040 ## - FUENTE DE CATALOGACIÓN
Centro catalogador/agencia de origen CAM
Lengua de catalogación spa
Centro/agencia transcriptor CAM
100 1# - ENTRADA PRINCIPAL--NOMBRE DE PERSONA
Nombre de persona Briot, Charles.
9 (RLIN) 31779
245 10 - MENCIÓN DEL TÍTULO
Título Tratado de álgebra superior conforme á los programas oficiales de enseñanza /
Mención de responsabilidad, etc. por Carlos Briot ; traducido por Celso Gomis y revisado por Lorenzo Presas.
260 ## - PUBLICACIÓN, DISTRIBUCIÓN, ETC.
Lugar de publicación, distribución, etc. Barcelona :
Nombre del editor, distribuidor, etc. [s.n.],
Fecha de publicación, distribución, etc. 1874 (
Fabricante Administración Calle del Carmen, nº 20)
300 ## - DESCRIPCIÓN FÍSICA
Extensión 436, [4] p. ;
Dimensiones 21 cm.
650 #7 - PUNTO DE ACCESO ADICIONAL DE MATERIA--TÉRMINO DE MATERIA
Término de materia o nombre geográfico como elemento de entrada Álgebra
Fuente del encabezamiento o término embne
9 (RLIN) 9720
700 1# - ENTRADA AGREGADA--NOMBRE PERSONAL
Nombre de persona Gomis i Mestre, Cels.
9 (RLIN) 58207
700 0# - ENTRADA AGREGADA--NOMBRE PERSONAL
Nombre de persona Presas, Lorenzo.
9 (RLIN) 93773
852 ## - LOCALIZACIÓN
Ubicación ES-MaACL
Número de control de estantería F-5061
Nota libre -- Enc. hol.
-- -- Banderilla en pie de imp.: Madrid: Cárlos Bailyi-Bailliere
Holdings
Estatus retirado Estado de pérdida Estado de daño No para préstamo Colección Biblioteca de origen Biblioteca actual Ubicación en estantería Fecha de adquisición Fuente de adquisición Total de préstamos Signatura topográfica completa Código de barras Visto por última vez Precio de reemplazo Tipo de ítem Koha
        Libros del s. XIX Biblioteca del Ateneo de Madrid Biblioteca del Ateneo de Madrid Depósito 2 17/01/2008     F-5061 1159509 23/02/2023 23/02/2023 Libro impreso antiguo